000 00416 a2200157 4500
001 45274
020 _a9788574061948
040 _cAnchieta - Aquarius
100 _aAmado, Jorge
240 1 0 _a=A ratinha branca de Pé-de-vento e a bagagem de Otália
_lpor
245 1 0 _a=A ratinha branca de Pé-de-vento e a bagagem de Otália
300 _a63
362 0 _a2009
650 4 _aLiteratura brasileira
942 _cBK
999 _c45274
_d45274